00457pab a2200145 454500008003600000100001600036245004600052362002900098650003300127650002800160773002000188909001000208999001700218952007600235180718b xxu||||| |||| 00| 0 eng d aTaori Kamal aEconomic issue in panchayat raj programme a40(4) Jan 1994, p.219-29 a Village Panchayats -- India aPanchayati Raj -- India aKhadi Gramodyog a26930 c26930d26930 00104070aIIPAbIIPAd2018-07-19pAR27032r2018-07-19w2018-07-19yAR